000 00417nam a22001697a 4500
003 OSt
005 20211008161411.0
008 211008b |||||||| |||| 00| 0 eng d
020 _a07338953
040 _cHU
082 _a155.7
100 _aHARRY BEILIN
_911802
245 _aJACQUES MONTANGERO GENETIC EPISTEMOLOGY YESTERDAY ANDTODAY
260 _aNEW YORK
_bHALL
_c1985
300 _a132
942 _2ddc
_cBOOKS
_n0
999 _c10964
_d10964